The Merck manual of medical information / (Record no. 4561)

000 -LEADER
fixed length control field 01326cam a2200385 a 4500
001 - CONTROL NUMBER
control field 7008140
003 - CONTROL NUMBER IDENTIFIER
control field CaAEU
005 - DATE AND TIME OF LATEST TRANSACTION
control field 20220324103133.0
008 - FIXED-LENGTH DATA ELEMENTS--GENERAL INFORMATION
fixed length control field 040503s2004 nyua 001 0 eng d
020 ## - INTERNATIONAL STANDARD BOOK NUMBER
International Standard Book Number 0743477340
020 ## - INTERNATIONAL STANDARD BOOK NUMBER
International Standard Book Number 9780743477345
024 1# - OTHER STANDARD IDENTIFIER
Standard number or code 076714007994
040 ## - CATALOGING SOURCE
Original cataloging agency ABG
Transcribing agency ABG
Modifying agency OCLCQ
-- BAKER
-- BTCTA
-- AU@
-- OCLCQ
-- UAU
-- AEU
050 14 - LIBRARY OF CONGRESS CALL NUMBER
Classification number RC81
Item number .M535 2004
060 #4 - NATIONAL LIBRARY OF MEDICINE CALL NUMBER
Classification number WB 130
Item number .M553 2004
082 1# - DEWEY DECIMAL CLASSIFICATION NUMBER
Classification number 610
Edition number 22
082 1# - DEWEY DECIMAL CLASSIFICATION NUMBER
Classification number 610
Edition number 22
082 1# - DEWEY DECIMAL CLASSIFICATION NUMBER
Classification number 616
Edition number 22
082 1# - DEWEY DECIMAL CLASSIFICATION NUMBER
Classification number 616
Edition number 22
090 ## - LOCALLY ASSIGNED LC-TYPE CALL NUMBER (OCLC); LOCAL CALL NUMBER (RLIN)
Classification number (OCLC) (R) ; Classification number, CALL (RLIN) (NR) WB 130 M553 2004
Local cutter number (OCLC) ; Book number/undivided call number, CALL (RLIN) ACTBC
245 04 - TITLE STATEMENT
Title The Merck manual of medical information /
Statement of responsibility, etc. Mark H. Beers, editor-in-chief ; Andrew J. Fletcher ... [et al.].
246 30 - VARYING FORM OF TITLE
Title proper/short title Manual of medical information
250 ## - EDITION STATEMENT
Edition statement 2nd home ed., 1st Pocket Books pbk. ed.
260 ## - PUBLICATION, DISTRIBUTION, ETC.
Place of publication, distribution, etc. New York :
Name of publisher, distributor, etc. Pocket Books,
Date of publication, distribution, etc. 2004.
300 ## - PHYSICAL DESCRIPTION
Extent lvi, 1767 p. :
Other physical details ill. (some col.) ;
Dimensions 18 cm.
500 ## - GENERAL NOTE
General note "All new and completely revised"--Cover.
500 ## - GENERAL NOTE
General note Includes index.
500 ## - GENERAL NOTE
General note Originally published: Whitehouse Station, NJ : Merck Research Laboratories, c2003.
650 #0 - SUBJECT ADDED ENTRY--TOPICAL TERM
Topical term or geographic name entry element Medicine, Popular.
650 12 - SUBJECT ADDED ENTRY--TOPICAL TERM
Topical term or geographic name entry element Medicine.
700 1# - ADDED ENTRY--PERSONAL NAME
Personal name Beers, Mark H.
700 1# - ADDED ENTRY--PERSONAL NAME
Personal name Fletcher, Andrew J.
942 ## - ADDED ENTRY ELEMENTS (KOHA)
Source of classification or shelving scheme
Koha item type References
Suppress in OPAC DO
949 ## - LOCAL PROCESSING INFORMATION (OCLC)
h AHSTB-ST-B
a WB130 .M553 2004
i 00010103628
d 12/17/2014
e 10/3/2014
n 1
p $10.99
q 2
u 9/8/2009
m AHS_TBCC
Holdings
Withdrawn status Lost status Source of classification or shelving scheme Damaged status Not for loan Permanent Location Current Location Shelving location Date acquired Source of acquisition Total Checkouts Full call number Barcode Date last seen Price effective from Koha item type Public note Copy number
          AU LIBRARY AU LIBRARY Open Shelf 24.03.2022 DONATION FROM MOI UNIVERSITY   REF RC81 .M535 2004 28006601 24.03.2022 24.03.2022 References DO  
          AU LIBRARY AU LIBRARY Open Shelf 31.03.2022 DONATION FROM MOI UNIVERSITY   RC81 .M535 2004 C2 28007220 31.03.2022 31.03.2022 References DO 2

Powered by Koha